<?xml version="1.0" encoding="UTF-8"?>
<record
    xmlns:xsi="http://www.w3.org/2001/XMLSchema-instance"
    xsi:schemaLocation="http://www.loc.gov/MARC21/slim http://www.loc.gov/standards/marcxml/schema/MARC21slim.xsd"
    xmlns="http://www.loc.gov/MARC21/slim">

  <leader>00452nam a2200169   4500</leader>
  <controlfield tag="003">SEACOMEC</controlfield>
  <controlfield tag="005">20250502135005.0</controlfield>
  <controlfield tag="008">250502b        |||||||| |||| 00| 0 eng d</controlfield>
  <datafield tag="020" ind1=" " ind2=" ">
    <subfield code="a"> 9780074622377</subfield>
    <subfield code="c">295.00</subfield>
  </datafield>
  <datafield tag="040" ind1=" " ind2=" ">
    <subfield code="a">SEACOMEC</subfield>
  </datafield>
  <datafield tag="082" ind1=" " ind2=" ">
    <subfield code="a">621.902</subfield>
    <subfield code="b">M495</subfield>
  </datafield>
  <datafield tag="100" ind1=" " ind2=" ">
    <subfield code="a"> Mehta, N. K.</subfield>
  </datafield>
  <datafield tag="245" ind1=" " ind2=" ">
    <subfield code="a">Machine Tool Design and Numerical Control/</subfield>
    <subfield code="c">N. K. Mehta</subfield>
  </datafield>
  <datafield tag="250" ind1=" " ind2=" ">
    <subfield code="a">2nd ed</subfield>
  </datafield>
  <datafield tag="260" ind1=" " ind2=" ">
    <subfield code="a">New Delhi :</subfield>
    <subfield code="b">Tata McGraw Hill , </subfield>
    <subfield code="c">1996 </subfield>
  </datafield>
  <datafield tag="942" ind1=" " ind2=" ">
    <subfield code="c">BOOK</subfield>
  </datafield>
  <datafield tag="952" ind1=" " ind2=" ">
    <subfield code="0">0</subfield>
    <subfield code="1">0</subfield>
    <subfield code="2">ddc</subfield>
    <subfield code="4">0</subfield>
    <subfield code="7">0</subfield>
    <subfield code="a">SEACOMEC</subfield>
    <subfield code="b">SEACOMEC</subfield>
    <subfield code="d">2010-09-22</subfield>
    <subfield code="l">0</subfield>
    <subfield code="o">621.902 M495</subfield>
    <subfield code="p">17095</subfield>
    <subfield code="r">2025-05-02 13:41:33</subfield>
    <subfield code="w">2025-05-02</subfield>
    <subfield code="y">REF</subfield>
  </datafield>
  <datafield tag="952" ind1=" " ind2=" ">
    <subfield code="0">0</subfield>
    <subfield code="1">0</subfield>
    <subfield code="2">ddc</subfield>
    <subfield code="4">0</subfield>
    <subfield code="7">0</subfield>
    <subfield code="a">SEACOMEC</subfield>
    <subfield code="b">SEACOMEC</subfield>
    <subfield code="d">2010-09-22</subfield>
    <subfield code="l">0</subfield>
    <subfield code="o">621.902 M495</subfield>
    <subfield code="p">17096</subfield>
    <subfield code="r">2025-05-02 13:41:33</subfield>
    <subfield code="t">1</subfield>
    <subfield code="w">2025-05-02</subfield>
    <subfield code="y">BOOK</subfield>
  </datafield>
  <datafield tag="952" ind1=" " ind2=" ">
    <subfield code="0">0</subfield>
    <subfield code="1">0</subfield>
    <subfield code="2">ddc</subfield>
    <subfield code="4">0</subfield>
    <subfield code="7">0</subfield>
    <subfield code="a">SEACOMEC</subfield>
    <subfield code="b">SEACOMEC</subfield>
    <subfield code="d">2010-09-22</subfield>
    <subfield code="l">0</subfield>
    <subfield code="o">621.902 M495</subfield>
    <subfield code="p">17097</subfield>
    <subfield code="r">2025-05-02 13:41:33</subfield>
    <subfield code="t">2</subfield>
    <subfield code="w">2025-05-02</subfield>
    <subfield code="y">BOOK</subfield>
  </datafield>
  <datafield tag="952" ind1=" " ind2=" ">
    <subfield code="0">0</subfield>
    <subfield code="1">0</subfield>
    <subfield code="2">ddc</subfield>
    <subfield code="4">0</subfield>
    <subfield code="7">0</subfield>
    <subfield code="a">SEACOMEC</subfield>
    <subfield code="b">SEACOMEC</subfield>
    <subfield code="d">2010-09-22</subfield>
    <subfield code="l">0</subfield>
    <subfield code="o">621.902 M495</subfield>
    <subfield code="p">17098</subfield>
    <subfield code="r">2025-05-02 13:41:33</subfield>
    <subfield code="t">3</subfield>
    <subfield code="w">2025-05-02</subfield>
    <subfield code="y">BOOK</subfield>
  </datafield>
  <datafield tag="952" ind1=" " ind2=" ">
    <subfield code="0">0</subfield>
    <subfield code="1">0</subfield>
    <subfield code="2">ddc</subfield>
    <subfield code="4">0</subfield>
    <subfield code="7">0</subfield>
    <subfield code="a">SEACOMEC</subfield>
    <subfield code="b">SEACOMEC</subfield>
    <subfield code="d">2010-09-22</subfield>
    <subfield code="l">0</subfield>
    <subfield code="o">621.902 M495</subfield>
    <subfield code="p">17099</subfield>
    <subfield code="r">2025-05-02 13:41:33</subfield>
    <subfield code="t">4</subfield>
    <subfield code="w">2025-05-02</subfield>
    <subfield code="y">BOOK</subfield>
  </datafield>
  <datafield tag="952" ind1=" " ind2=" ">
    <subfield code="0">0</subfield>
    <subfield code="1">0</subfield>
    <subfield code="2">ddc</subfield>
    <subfield code="4">0</subfield>
    <subfield code="7">0</subfield>
    <subfield code="a">SEACOMEC</subfield>
    <subfield code="b">SEACOMEC</subfield>
    <subfield code="d">2011-02-17</subfield>
    <subfield code="l">0</subfield>
    <subfield code="o">621.902 M495</subfield>
    <subfield code="p">18016</subfield>
    <subfield code="r">2025-05-02 13:44:33</subfield>
    <subfield code="t">5</subfield>
    <subfield code="w">2025-05-02</subfield>
    <subfield code="y">BOOK</subfield>
  </datafield>
  <datafield tag="952" ind1=" " ind2=" ">
    <subfield code="0">0</subfield>
    <subfield code="1">0</subfield>
    <subfield code="2">ddc</subfield>
    <subfield code="4">0</subfield>
    <subfield code="7">0</subfield>
    <subfield code="a">SEACOMEC</subfield>
    <subfield code="b">SEACOMEC</subfield>
    <subfield code="d">2011-02-17</subfield>
    <subfield code="l">0</subfield>
    <subfield code="o">621.902 M495</subfield>
    <subfield code="p">18017</subfield>
    <subfield code="r">2025-05-02 13:44:33</subfield>
    <subfield code="t">6</subfield>
    <subfield code="w">2025-05-02</subfield>
    <subfield code="y">BOOK</subfield>
  </datafield>
  <datafield tag="952" ind1=" " ind2=" ">
    <subfield code="0">0</subfield>
    <subfield code="1">0</subfield>
    <subfield code="2">ddc</subfield>
    <subfield code="4">0</subfield>
    <subfield code="7">0</subfield>
    <subfield code="a">SEACOMEC</subfield>
    <subfield code="b">SEACOMEC</subfield>
    <subfield code="d">2011-02-17</subfield>
    <subfield code="l">0</subfield>
    <subfield code="o">621.902 M495</subfield>
    <subfield code="p">18018</subfield>
    <subfield code="r">2025-05-02 13:44:33</subfield>
    <subfield code="t">7</subfield>
    <subfield code="w">2025-05-02</subfield>
    <subfield code="y">BOOK</subfield>
  </datafield>
  <datafield tag="952" ind1=" " ind2=" ">
    <subfield code="0">0</subfield>
    <subfield code="1">0</subfield>
    <subfield code="2">ddc</subfield>
    <subfield code="4">0</subfield>
    <subfield code="7">0</subfield>
    <subfield code="a">SEACOMEC</subfield>
    <subfield code="b">SEACOMEC</subfield>
    <subfield code="d">2011-02-17</subfield>
    <subfield code="l">0</subfield>
    <subfield code="o">621.902 M495</subfield>
    <subfield code="p">18019</subfield>
    <subfield code="r">2025-05-02 13:44:33</subfield>
    <subfield code="t">8</subfield>
    <subfield code="w">2025-05-02</subfield>
    <subfield code="y">BOOK</subfield>
  </datafield>
  <datafield tag="952" ind1=" " ind2=" ">
    <subfield code="0">0</subfield>
    <subfield code="1">0</subfield>
    <subfield code="2">ddc</subfield>
    <subfield code="4">0</subfield>
    <subfield code="7">0</subfield>
    <subfield code="a">SEACOMEC</subfield>
    <subfield code="b">SEACOMEC</subfield>
    <subfield code="d">2011-02-17</subfield>
    <subfield code="l">0</subfield>
    <subfield code="o">621.902 M495</subfield>
    <subfield code="p">18020</subfield>
    <subfield code="r">2025-05-02 13:44:33</subfield>
    <subfield code="t">9</subfield>
    <subfield code="w">2025-05-02</subfield>
    <subfield code="y">BOOK</subfield>
  </datafield>
  <datafield tag="952" ind1=" " ind2=" ">
    <subfield code="0">0</subfield>
    <subfield code="1">0</subfield>
    <subfield code="2">ddc</subfield>
    <subfield code="4">0</subfield>
    <subfield code="7">0</subfield>
    <subfield code="a">SEACOMEC</subfield>
    <subfield code="b">SEACOMEC</subfield>
    <subfield code="d">2011-02-17</subfield>
    <subfield code="l">0</subfield>
    <subfield code="o">621.902 M495</subfield>
    <subfield code="p">18021</subfield>
    <subfield code="r">2025-05-02 13:44:33</subfield>
    <subfield code="t">10</subfield>
    <subfield code="w">2025-05-02</subfield>
    <subfield code="y">BOOK</subfield>
  </datafield>
  <datafield tag="952" ind1=" " ind2=" ">
    <subfield code="0">0</subfield>
    <subfield code="1">0</subfield>
    <subfield code="2">ddc</subfield>
    <subfield code="4">0</subfield>
    <subfield code="7">0</subfield>
    <subfield code="a">SEACOMEC</subfield>
    <subfield code="b">SEACOMEC</subfield>
    <subfield code="d">2011-02-17</subfield>
    <subfield code="l">0</subfield>
    <subfield code="o">621.902 M495</subfield>
    <subfield code="p">18022</subfield>
    <subfield code="r">2025-05-02 13:44:33</subfield>
    <subfield code="t">11</subfield>
    <subfield code="w">2025-05-02</subfield>
    <subfield code="y">BOOK</subfield>
  </datafield>
  <datafield tag="952" ind1=" " ind2=" ">
    <subfield code="0">0</subfield>
    <subfield code="1">0</subfield>
    <subfield code="2">ddc</subfield>
    <subfield code="4">0</subfield>
    <subfield code="7">0</subfield>
    <subfield code="a">SEACOMEC</subfield>
    <subfield code="b">SEACOMEC</subfield>
    <subfield code="d">2011-02-17</subfield>
    <subfield code="l">0</subfield>
    <subfield code="o">621.902 M495</subfield>
    <subfield code="p">18023</subfield>
    <subfield code="r">2025-05-02 13:44:33</subfield>
    <subfield code="t">12</subfield>
    <subfield code="w">2025-05-02</subfield>
    <subfield code="y">BOOK</subfield>
  </datafield>
  <datafield tag="952" ind1=" " ind2=" ">
    <subfield code="0">0</subfield>
    <subfield code="1">0</subfield>
    <subfield code="2">ddc</subfield>
    <subfield code="4">0</subfield>
    <subfield code="7">0</subfield>
    <subfield code="a">SEACOMEC</subfield>
    <subfield code="b">SEACOMEC</subfield>
    <subfield code="d">2011-02-17</subfield>
    <subfield code="l">0</subfield>
    <subfield code="o">621.902 M495</subfield>
    <subfield code="p">18024</subfield>
    <subfield code="r">2025-05-02 13:44:33</subfield>
    <subfield code="t">13</subfield>
    <subfield code="w">2025-05-02</subfield>
    <subfield code="y">BOOK</subfield>
  </datafield>
  <datafield tag="952" ind1=" " ind2=" ">
    <subfield code="0">0</subfield>
    <subfield code="1">0</subfield>
    <subfield code="2">ddc</subfield>
    <subfield code="4">0</subfield>
    <subfield code="7">0</subfield>
    <subfield code="a">SEACOMEC</subfield>
    <subfield code="b">SEACOMEC</subfield>
    <subfield code="d">2011-02-17</subfield>
    <subfield code="l">0</subfield>
    <subfield code="o">621.902 M495</subfield>
    <subfield code="p">18025</subfield>
    <subfield code="r">2025-05-02 13:44:33</subfield>
    <subfield code="t">14</subfield>
    <subfield code="w">2025-05-02</subfield>
    <subfield code="y">BOOK</subfield>
  </datafield>
  <datafield tag="999" ind1=" " ind2=" ">
    <subfield code="c">2258</subfield>
    <subfield code="d">2258</subfield>
  </datafield>
</record>
